Living with dying : finding care and compassion at the end of life (Record no. 41421)

MARC details
000 -LEADER
fixed length control field 00459nam a2200181Ia 4500
020 ## - INTERNATIONAL STANDARD BOOK NUMBER
ISBN 9781780661506
050 ## - CALL MARK
Classification number R 726.8 .M33/
100 ## - STATEMENT OF RESPONSIBILITY--MAIN AUTHOR NAME
Personal name McCartney, Margaret
245 #0 - TITLE STATEMENT
Title Living with dying : finding care and compassion at the end of life
260 ## - PUBLICATION, DISTRIBUTION, ETC. (IMPRINT)
Place of publication London
260 ## - PUBLICATION, DISTRIBUTION, ETC. (IMPRINT)
Name of publisher Pinter & Martin
260 ## - PUBLICATION, DISTRIBUTION, ETC. (IMPRINT)
Year of publication 2014
300 ## - PHYSICAL DESCRIPTION
Number of Pages 256 p
650 ## - SUBJECT ADDED ENTRY--TOPICAL TERM
Topical Term London
942 ## - ADDED ENTRY ELEMENTS (KOHA)
Koha item type Books
Holdings
Withdrawn status Lost status Source of classification or shelving scheme Damaged status Not for loan Permanent Location Current Location Shelving location Date acquired Accession Number Price effective from Koha item type
    Library of Congress Classification     Asokoro Library Asokoro Library Items on shelf 06/03/2025 0193752 06/03/2025 Books
    Library of Congress Classification     College of Health Sciences Library College of Health Sciences Library Items on shelf 06/03/2025 0193755 06/03/2025 Books